000 00415nam a2200181Ia 4500
008 170705s9999 xx 000 0 und d
020 _a9780516278803
245 _aBeetles /
245 _cEdana Eckart.
260 _aNew York :
260 _bChildren's Press,
260 _c2003
300 _a24 pages :
300 _bcolor illustration ;
300 _c15cm.
440 _aWelcome books.
500 _a310
999 _c335551
_d335551